000 00610nam a2200181Ia 4500
008 090124s9999 xx 000 0 und d
082 _b6113
_a12
100 _aकाणेकर अनंत
245 _a धूक्यातून लाल ताऱ्याकडे
250 _a1
260 _c1940
300 _a4+210
600 _aकाणेकर अनंत
630 _a धूक्यातून लाल ताऱ्याकडे
700 _aकाणेकर अनंत
730 _a धूक्यातून लाल ताऱ्याकडे
942 _cBOOK
999 _c120054
_d120054